| 000 | 01704nas a2200505 i 4500 | ||
|---|---|---|---|
| 001 | 196142 | ||
| 003 | ES-MaACL | ||
| 005 | 20250925110140.0 | ||
| 007 | ta | ||
| 008 | 240814d19722003sp mr p 0uuub0spa | ||
| 010 |
_ac _b2 |
||
| 016 | 7 |
_abiseBNE19950023588 _2SpMaBN _zREB940000127 |
|
| 017 |
_aM 34648-1973 _bOficina Depósito Legal Madrid |
||
| 022 | 0 |
_a0210-4148 _2_u |
|
| 035 | _a(OCoLC)436583435 | ||
| 035 | _a(SpMaBN)bise0000035459 | ||
| 035 | _a991029627499708606 | ||
| 040 |
_aSpMaBN _bspa _cSIC _dES-MaACL |
||
| 080 | _a008 | ||
| 080 | _a061.27(460.27 M.) | ||
| 130 |
_aBoletín informativo (Fundación Juan March) _9238378 |
||
| 210 | 0 |
_aBol. inf. _bFund. Juan March |
|
| 222 | 0 |
_aBoletín informativo _bFundación Juan March |
|
| 245 | 1 | 0 |
_aBoletín informativo / _cFundación Juan March. |
| 246 | _aLa March | ||
| 260 |
_aMadrid : _bFundación Juan March, _c1972-2003 |
||
| 300 |
_av. ; _c31 cm |
||
| 310 | _aMensual | ||
| 336 |
_aTexto (visual) _2isbdcontent |
||
| 337 |
_asin mediación _2isbdmedia |
||
| 338 |
_2rdacarrier _avolumen |
||
| 362 | 0 | _aN. 1-n. 335 (dic. 2003) | |
| 588 | _aDescripción basada en: n. 475 (invierno 2024) | ||
| 597 | _aDesde 1975, la altura es: 24 cm | ||
| 610 | 2 | 4 |
_aFundación Juan March _94346 |
| 650 | 7 |
_aCultura _2embne _9170963 |
|
| 655 | 7 |
_9226866 _aRevistas |
|
| 710 | 2 |
_aFundación Juan March _94346 |
|
| 852 |
_aES-MaACL _cDES _jHEM-1881 _hDonación: Editorial _zRevista viva _9203959 |
||
| 856 | 4 |
_3https://dialnet.unirioja.es/servlet/revista?codigo=5841 _7Sumarios de la revista en Dialnet |
|
| 866 | _o(1976)2024-2025- | ||
| 942 |
_2udc _n0 _cPERIODICA |
||
| 955 | _bVerónica Torres Díaz | ||
| 999 |
_c196142 _d196142 |
||